000 00686nam a2200229 a 4500
999 _c4490
_d4490
001 4490
003 BD-JhCC
005 20171127202916.0
008 171127s1990 bg a|||| ||a| 000 0 ben d
020 _a9844100909
035 _a(BD-JhCC) 4490
040 _aBD-JhCC
_dBD-JhCC
041 _aben
082 _a641.5636
_bKHA 1990
100 _aখন্দোকার, আব্দুল হক
245 _aকোনটি কেন খাবে /
_cআব্দুল হক খন্দোকার
260 _aঢাকা :
_bমাওলা ব্রাদার্স ,
_c1990
300 _a76 p .:
_c22 cm .
650 _aVegetables
942 _2ddc
_cBK